LDR 00636naa#a2200157#i#450# 001 RU\\bibl\122464 005 20260629210745.1 011 ## _a2414-3995 100 ## _a20260311b2026####ek#y0rusy0150####ca 102 ## _aRU 200 1# _aЕще раз к вопросу о понятии следственной ситуации _eЖурнальная статья 210 1# _aМосква _cМосковский университет МВД России имени В.Я. Кикотя _d2026 215 ## _a5 с. 608 ## _aЖурнальная статья _2local 700 #1 _aЧистова _gЛюбовь Евгеньевна 856 4# _amosumvd.editorum.ru _u